Umělecký zpěv : skripta pro odborná pěvecká učiliště /

Hlavní autor: Marek, Jaroslav, 1939-2012
Korporativní autor: Akademie múzických umění v Praze
Další autoři: Otava, Zdeněk, 1902-1980
Jazyk: Čeština
Vydáno: Praha : Státní pedagogické nakladatelství, 1965
Vydání: 1. vyd.
Edice: Učební texty vysokých škol (SPN)
Témata:
Externí odkaz: Digitalizovaný dokument
Fyzický popis: 72 s. : 20 s. notových příl. ; 4°
Knihy
Uloženo v:
LEADER 01862nam a22004332a 4500
001 000109413
003 CZ BrMZK
005 20260206063334.0
007 ta
008 030406s1965 xr f f |||| 0 cze d
015 |a cnb000487173  |z cnb000301776 
035 |a (OCoLC)42108985 
040 |a ABA001  |b cze  |c CBA001  |d ABA001  |d BOA001 
072 7 |a 784  |x Vokální hudba  |2 Konspekt  |9 9 
072 7 |a 37.016  |x Učební osnovy. Vyučovací předměty. Učebnice  |2 Konspekt  |9 22 
080 |a 784.9  |2 MRF 
080 |a (075.8)  |2 MRF 
100 1 |a Marek, Jaroslav,  |d 1939-2012  |7 jk01080120  |4 com 
245 1 0 |a Umělecký zpěv :  |b skripta pro odborná pěvecká učiliště /  |c podle výuky, přednášek a poznámek Zdeňka Otavy sestavil Jaroslav Marek 
250 |a 1. vyd. 
260 |a Praha :  |b Státní pedagogické nakladatelství,  |c 1965  |f (SČT 113) 
300 |a 72 s. :  |b 20 s. notových příl. ;  |c 4° 
490 1 |a Učební texty vys. škol 
500 |a 300 výt. 
504 |a Obsahuje bibliografii 
521 |a Určeno pro posl. fak. hud. 
550 |a Vydavatel: AMU v Praze 
500 |a Dostupné též v digitální podobě v aplikaci Kramerius 
650 0 7 |a zpěv  |7 ph127679  |2 czenas 
655 7 |a učebnice vysokých škol  |7 fd133772  |2 czenas 
700 1 |a Otava, Zdeněk,  |d 1902-1980  |7 jk01091350  |4 ant 
710 2 |a Akademie múzických umění v Praze  |7 kn20010709005 
830 0 |a Učební texty vysokých škol (SPN)  |0 s 
856 4 1 |u http://www.digitalniknihovna.cz/mzk/uuid/uuid:ecf55607-072d-11f1-ab3b-a2d6f0f6843d  |y Digitalizovaný dokument  |x NDK 
910 |a BOA001  |b PK-N-0008.487  |b 4-0544.163 
920 |a 000399283 
990 |a BK 
996 7 |b 2619784763  |c 4-0544.163  |l MZK  |r Sklad / do 1 hodiny  |n 4  |w 000109413  |u 000020  |a 1  |e BOA001  |j MZK50  |s A 
996 7 |b 3119958682  |c PK-N-0008.487  |l MZK  |r Sklad / do 1 hodiny  |n 6  |w 000109413  |u 000010  |a 1  |e BOA001  |j MZK50  |s A